[Event "Cannes Martinez op"]
[Site "Cannes"]
[Date "1996.??.??"]
[Round "4"]
[White "Oratovsky, Michael"]
[Black "Golubovic, Boris"]
[Result "1-0"]
[WhiteElo "2485"]
[BlackElo "2420"]

1.e4 c5 2.Nf3 d6 3.Bb5+ Nd7 4.O-O Nf6 5.Re1 a6 6.Bf1 e6 7.c3 Be7 8.d4 O-O
9.e5 dxe5 10.dxe5 Nd5 11.a3 Qc7 12.c4 N5b6 13.h4 Rd8 14.Bd2 Nf8 15.h5 h6
16.Qc1 Nbd7 17.Nc3 f5 18.Bf4 Nb8 19.Qe3 b6 20.Rad1 Bb7 21.Nd5 Rxd5 22.cxd5 Bxd5
23.Rxd5 exd5 24.e6 Qc6 25.Qe5 Qe8 26.Qxd5 Nc6 27.Qxf5 b5 28.Ne5 Nd8 29.Ng4 Ra7
30.Re3 Bg5 31.Bxg5 hxg5 32.h6 Nfxe6 33.hxg7 Qe7 34.Qg6 Qxg7 35.Nf6+  1-0

[Event "Cannes Martinez op"]
[Site "Cannes"]
[Date "1996.??.??"]
[Round "4"]
[White "Delanoy, Arnaud"]
[Black "Hohler, Peter"]
[Result "1/2-1/2"]
[WhiteElo "2150"]
[BlackElo "2245"]

1.e4 c5 2.Nf3 d6 3.Bb5+ Bd7 4.Bxd7+ Qxd7 5.O-O Nc6 6.c3 Nf6 7.d4 Nxe4 8.d5 Ne5
9.Re1 Nf6 10.Nxe5 dxe5 11.Rxe5 O-O-O 12.c4 e6 13.Bg5 Bd6 14.Re1 exd5 15.Bxf6 gxf6
16.cxd5 Be5 17.Nc3 Bxc3 18.bxc3 Qxd5 19.Qg4+ Kb8 20.Qf4+ Qd6 21.Qxd6+ Rxd6
22.Re7 Rhd8 23.Kf1 Rd1+ 24.Rxd1 Rxd1+ 25.Ke2 Ra1 26.Rxf7 Rxa2+ 27.Ke3 Rc2
28.Rf8+ Kc7 29.Rf7+ Kb8 30.Rf8+ Kc7  1/2-1/2

[Event "Cannes op"]
[Site "Cannes"]
[Date "1996.??.??"]
[Round "4"]
[White "Tkachiev, Vladislav"]
[Black "Sadler, Matthew"]
[Result "1-0"]
[WhiteElo "2600"]
[BlackElo "2600"]

1.e4 c5 2.Nf3 d6 3.Bb5+ Bd7 4.Bxd7+ Qxd7 5.c4 Nc6 6.Nc3 g6 7.d4 cxd4 8.Nxd4 Bg7
9.Nde2 Nf6 10.f3 O-O 11.O-O Ne8 12.Be3 Nc7 13.b3 h6 14.Qd2 Kh7 15.Rfd1 Rfd8
16.Rac1 b6 17.Qe1 Qe8 18.Nd5 Rac8 19.Qh4 Qf8 20.Rd2 Ne8 21.Rcd1 Rd7 22.Qh3 Rcd8
23.Ndc3 Qh8 24.Nb5 Nf6 25.Ned4 Nxd4 26.Nxd4 Rb7 27.e5 dxe5 28.Ne6 Rxd2 29.Ng5+ Kg8
30.Qc8+ Bf8 31.Rxd2 Rd7 32.Rxd7 Nxd7 33.Nxf7 Kxf7 34.Qxd7 Qf6 35.Qxa7 e4
36.Qa8 Qc3 37.Kf2 exf3 38.Qxf3+ Ke8 39.Qc6+ Kf7 40.Qd5+ Ke8  1-0

[Event "Cannes op"]
[Site "Cannes"]
[Date "1996.??.??"]
[Round "4"]
[White "Khachian, Melikset"]
[Black "Gallagher, Joseph G"]
[Result "1/2-1/2"]
[WhiteElo "2440"]
[BlackElo "2525"]

1.e4 c5 2.Nf3 d6 3.Bb5+ Nd7 4.d4 Nf6 5.Nc3 a6 6.Bxd7+ Nxd7 7.O-O e6 8.dxc5 Nxc5
9.Bf4 Qc7 10.Qd2 b5 11.b4 Nd7 12.Rfd1 Bb7 13.Bxd6 Bxd6 14.Qxd6 Rc8 15.Qd4 Nf6
16.Rd3 O-O 17.Rad1 Qc4 18.e5  1/2-1/2

[Event "Cannes mT"]
[Site "Cannes"]
[Date "1996.??.??"]
[Round "7"]
[White "Fressinet, Laurent"]
[Black "Sosonko, Gennadi"]
[Result "1/2-1/2"]
[WhiteElo "2290"]
[BlackElo "2515"]

1.e4 c5 2.Nf3 d6 3.Bb5+ Bd7 4.Bxd7+ Qxd7 5.O-O e6 6.c4 Nc6 7.d4 cxd4 8.Nxd4 Nf6
9.Nc3 Be7 10.Be3 O-O 11.Qe2 Rfd8 12.Rfd1 b6 13.Rac1 Qb7  1/2-1/2

[Event "EU-ch Rapid-30'"]
[Site "Cap d`Agde"]
[Date "1996.??.??"]
[Round "?"]
[White "Hracek, Zbynek"]
[Black "Lautier, Joel"]
[Result "1-0"]
[WhiteElo "2625"]
[BlackElo "2620"]

1.e4 c5 2.Nf3 d6 3.Bb5+ Nd7 4.O-O Nf6 5.Re1 a6 6.Bf1 b6 7.c3 Bb7 8.d3 g6
9.Nbd2 Bg7 10.d4 cxd4 11.cxd4 O-O 12.b3 b5 13.Bb2 Rc8 14.a4 b4 15.Bd3 Nh5
16.g3 Rc7 17.Rb1 e5 18.Qe2 Qa8 19.dxe5 dxe5 20.Nc4 Nc5 21.Bc2 f6 22.Nd6 Bc8
23.Nxc8 Qxc8 24.Bd3 Nxd3 25.Qxd3 Rd8 26.Qe3 Qe6 27.Red1 Rcd7 28.Rxd7 Rxd7
29.Nd2 Qg4 30.f3 Qe6 31.Kg2 Bf8 32.Nc4 Rd8 33.Rc1 Qd7 34.Rc2 Qd1 35.Rd2 Rxd2+
36.Qxd2 Qxb3 37.Qd5+ Kg7 38.Qd7+ Kh6 39.Bc1+ g5 40.Ne3 Ng7 41.h4 Qa2+ 42.Kh3 Kg6
43.Nd5 Qe2 44.h5+ Kxh5 45.Qf7+  1-0

[Event "Cappelle op"]
[Site "Cappelle la Grande "]
[Date "1996.??.??"]
[Round "5"]
[White "Khachian, Melikset"]
[Black "Dvoirys, Semen I"]
[Result "1/2-1/2"]
[WhiteElo "2440"]
[BlackElo "2585"]

1.e4 c5 2.Nf3 d6 3.Bb5+ Nc6 4.O-O Bd7 5.Re1 Nf6 6.c3 a6 7.Bf1 e5 8.d4 cxd4
9.cxd4 Bg4 10.Be3 Bxf3 11.gxf3 exd4 12.Bxd4 Be7 13.Nc3 Nxd4 14.Qxd4 O-O 15.Rad1 Qa5
16.f4 Rac8 17.Bh3 Rcd8 18.b4 Qh5 19.Rd3 Qh4 20.Rf3 Rfe8 21.Bg2 Bf8 22.Nd5 Nxd5
23.Qxd5 b5 24.Ra3 Qxf4 25.Rf3 Qe5 26.Qxf7+ Kh8 27.Rd1 Qb2 28.a3 Be7 29.Qb3  1/2-1/2

[Event "ARG-ch sf"]
[Site "Chaco"]
[Date "1996.??.??"]
[Round "?"]
[White "Hutt, Alejandro"]
[Black "Quiroga, Facundo"]
[Result "0-1"]
[WhiteElo "2075"]
[BlackElo "2300"]

1.e4 c5 2.Nf3 d6 3.Bb5+ Bd7 4.Bxd7+ Nxd7 5.O-O Ngf6 6.Qe2 e6 7.d4 cxd4 8.Nxd4 Be7
9.c4 O-O 10.Nc3 a6 11.b3 Qa5 12.Bb2 Rfe8 13.Rad1 Qh5 14.Qxh5 Nxh5 15.g4 Nf4
16.Bc1 g5 17.Nde2 Nxe2+ 18.Nxe2 Nc5 19.f3 b5 20.cxb5 axb5 21.Nd4 Rxa2 22.b4 Nb7
23.Rd2 Ra4 24.Nc6 Bf6 25.e5 dxe5 26.Bb2 Ra2 27.Rfd1 Kg7 28.f4 Rxb2 29.fxe5  0-1

[Event "Ciego de Avila"]
[Site "Ciego de Avila"]
[Date "1996.??.??"]
[Round "3"]
[White "Pecorelli Garcia, Humberto"]
[Black "Borges Mateos, Juan"]
[Result "1/2-1/2"]
[WhiteElo "2450"]
[BlackElo "2530"]

1.Nf3 c5 2.e4 d6 3.Bb5+ Bd7 4.Bxd7+ Qxd7 5.d4 cxd4 6.Nxd4 Nc6 7.Nxc6 bxc6
8.O-O Nf6 9.Nc3 e6 10.b3 Be7 11.Bb2 O-O 12.Qe2  1/2-1/2

[Event "Ciego de Avila"]
[Site "Ciego de Avila"]
[Date "1996.??.??"]
[Round "12"]
[White "Ribeiro, Fernando"]
[Black "Salem, Ihab"]
[Result "1/2-1/2"]
[WhiteElo "2285"]
[BlackElo "2155"]

1.e4 c5 2.Nf3 d6 3.Bb5+ Bd7 4.Bxd7+ Qxd7 5.O-O Nf6 6.Re1 e5 7.c3 Nc6 8.d4 Be7
9.dxe5 dxe5 10.Qxd7+ Nxd7  1/2-1/2

[Event "Capablanca mem-D"]
[Site "Cienfuegos"]
[Date "1996.??.??"]
[Round "4"]
[White "Arribas, Maritza"]
[Black "Andonovski, Ljubisa"]
[Result "0-1"]
[WhiteElo "2270"]
[BlackElo "2260"]

1.e4 c5 2.Nf3 d6 3.Bb5+ Nd7 4.O-O Nf6 5.Re1 a6 6.Bf1 e6 7.c3 Be7 8.d4 cxd4
9.cxd4 d5 10.e5 Ne4 11.Nbd2 Nxd2 12.Bxd2 Nb8 13.Rc1 Nc6 14.a3 Qb6 15.Bc3 Bd7
16.Bd3 Rc8 17.Bb1 Na5 18.Bxa5 Qxa5 19.Rxc8+ Bxc8 20.h4 h6 21.g3 Bd7 22.Re3 Bc6
23.Ne1 g5 24.Ng2 gxh4 25.gxh4 h5 26.Rg3 Kd8 27.Rg7 Be8 28.Qc1 Qb5 29.Rg3 Qb6
30.Qc3 Rf8 31.b4 a5 32.Bc2 axb4 33.Qb2 f6 34.f4 fxe5 35.fxe5 Qa6 36.axb4 Rf1+
37.Kh2 Rf2 38.b5 Qxb5 39.Qc3 Bb4 40.Qb3 Qc4 41.Qxc4 dxc4 42.Be4 c3  0-1

[Event "Copenhagen-ch"]
[Site "Copenhagen"]
[Date "1996.??.??"]
[Round "1"]
[White "Olesen, Martin"]
[Black "Hamann, Svend"]
[Result "0-1"]
[WhiteElo "2400"]
[BlackElo "2380"]

1.e4 c5 2.Nf3 d6 3.Bb5+ Nd7 4.O-O Nf6 5.Re1 a6 6.Bf1 e5 7.c3 Be7 8.d4 O-O
9.Nbd2 Qc7 10.b3 Re8 11.a4 b6 12.Bb2 Bf8 13.dxe5 dxe5 14.Bc4 Bb7 15.b4 Re7
16.Qb3 g6 17.Ng5 Nb8 18.bxc5 bxc5 19.Ndf3 Bc6 20.Bxf7+ Rxf7 21.Nxe5 Be8 22.Nexf7 Bxf7
23.c4 Ng4 24.e5 Nc6 25.Qf3 Rb8 26.Qxg4 Rxb2 27.e6 Be8 28.Qh3 Qe7 29.Nf3 Nd4
30.Nxd4 cxd4 31.Qd3 Qf6 32.f3 Bc5 33.Kh1 Qg5 34.Re2 Rxe2 35.Qxe2 Qe3 36.Qxe3 dxe3
37.g3 Bb4 38.Kg2 e2 39.Kf2 e1=Q+ 40.Rxe1 Bxe1+ 41.Kxe1 Bxa4  0-1

[Event "Politiken Cup"]
[Site "Copenhagen"]
[Date "1996.??.??"]
[Round "2"]
[White "Jensen, H."]
[Black "Szylar, Eric"]
[Result "1-0"]
[WhiteElo "2150"]
[BlackElo "2115"]

1.e4 c5 2.Nf3 d6 3.Bb5+ Bd7 4.Bxd7+ Qxd7 5.O-O Nc6 6.c3 e5 7.d4 cxd4 8.cxd4 Nf6
9.Re1 g6 10.Nc3 Bg7 11.dxe5 dxe5 12.Qb3 O-O 13.Be3 Nd4 14.Nxd4 exd4 15.Rad1 Ng4
16.Bf4 Rac8 17.Nd5 Rc5 18.h3 Ne5 19.Bh6 Nc6 20.Qa3 Ra5 21.Nf6+  1-0

[Event "Politiken Cup"]
[Site "Copenhagen"]
[Date "1996.??.??"]
[Round "5"]
[White "Kulaots, Kaido"]
[Black "Christensen, Bo Garner"]
[Result "1-0"]
[WhiteElo "2400"]
[BlackElo "2225"]

1.e4 c5 2.Nf3 d6 3.Bb5+ Bd7 4.Bxd7+ Qxd7 5.c4 e5 6.Nc3 Nc6 7.a3 g6 8.O-O Bg7
9.d3 Nf6 10.Rb1 O-O 11.b4 b6 12.Bg5 h6 13.Bxf6 Bxf6 14.b5 Ne7 15.Qb3 Bg7
16.Nd2 f5 17.Nd5 Rf7 18.Rb2 Kh8 19.a4 h5 20.a5 Bh6 21.Nb1 fxe4 22.dxe4 Nxd5
23.cxd5 Raf8 24.Na3 Qg4 25.Nc4 Rf3 26.Qc2 Bf4 27.Qe2 Qh4 28.g3 Qg4 29.h3 Rxg3+
30.fxg3 Qxg3+ 31.Qg2 Qd3 32.Rc2 bxa5 33.Kh1 Rf6 34.Nxa5 Qxb5 35.Nc6 a5 36.Rb2 Qd3
37.Rb8+ Kh7 38.Rfb1 Rf7 39.Nd8 Rf8 40.R8b7+ Kh6 41.Ne6 Ra8 42.Rg1  1-0

[Event "Politiken Cup"]
[Site "Copenhagen"]
[Date "1996.??.??"]
[Round "10"]
[White "Dongart, Dennis"]
[Black "Borge, Nikolaj"]
[Result "0-1"]
[WhiteElo "2155"]
[BlackElo "2455"]

1.e4 c5 2.Nf3 d6 3.Bb5+ Nd7 4.O-O Nf6 5.Re1 a6 6.Bf1 b6 7.d3 Bb7 8.c4 e6
9.Nc3 Ne5 10.g3 Nxf3+ 11.Qxf3 Be7 12.b3 O-O 13.Bb2 Rb8 14.Qe2 Nd7 15.f4 Bf6
16.Bg2 b5 17.Kh1 Qb6 18.g4 Bd4 19.Qc2 Rbe8 20.Ne2 Bxb2 21.Qxb2 bxc4 22.dxc4 Nf6
23.Ng3 Nxg4 24.Nh5 f6 25.Bf3 g6 26.Bxg4 gxh5 27.Bxh5 Re7 28.Rg1+ Kh8 29.Bf3 Qc7
30.Rg3 Rg7 31.Rag1 Rxg3 32.Rxg3 e5 33.f5 Qa5 34.Qg2 Bxe4 35.h4 Bxf3 36.Qxf3 Qe1+
37.Kh2 Rg8 38.Rxg8+ Kxg8 39.Qg4+ Kf8 40.Qh5 Qf2+ 41.Kh3 Qf1+ 42.Kh2 Qf4+
43.Kg2 Kg7 44.Qd1 e4 45.Qd5 Qf3+ 46.Kh2 Qf2+ 47.Kh3 e3 48.Qb7+ Kh6 49.Qc8 Qf3+
50.Kh2 Kh5 51.Qd7 Qf2+ 52.Kh3 Qxh4+ 53.Kg2 Kg4 54.Qg7+ Kf4 55.Qe7 Qg3+ 56.Kh1 Kf3
57.Qb7+ Kf2  0-1

[Event "Corsico op2"]
[Site "Corsico"]
[Date "1996.??.??"]
[Round "1"]
[White "Caruso, Daniele"]
[Black "Barberi, Alessandro"]
[Result "0-1"]
[WhiteElo "2145"]
[BlackElo "2220"]

1.e4 c5 2.Nf3 d6 3.Bb5+ Bd7 4.Bxd7+ Qxd7 5.c4 g6 6.d4 cxd4 7.Nxd4 Bg7 8.O-O Nc6
9.Be3 Nf6 10.f3 O-O 11.Nc3 Rac8 12.b3 Rfd8 13.Rc1 e6 14.Qd2 d5 15.cxd5 exd5
16.Nxc6 bxc6 17.exd5 Nxd5 18.Nxd5 cxd5 19.Bd4 Qb7 20.Bxg7 Kxg7 21.Qd4+ f6
22.Rfd1 Rxc1 23.Rxc1 Rd7 24.Rc5 Qb6 25.b4 Qe6 26.Kf2 Re7 27.Qd2 d4 28.a4 d3
29.a5 Qd6 30.Kf1 Qxh2 31.Rc1 Re2 32.Rc7+ Kg8  0-1

[Event "Corsico op2"]
[Site "Corsico"]
[Date "1996.??.??"]
[Round "4"]
[White "D'Amore, Emanuele"]
[Black "Barberi, Alessandro"]
[Result "1-0"]
[WhiteElo "2220"]
[BlackElo "2220"]

1.e4 c5 2.Nf3 d6 3.Bb5+ Nd7 4.O-O a6 5.Bxd7+ Bxd7 6.d4 cxd4 7.Nxd4 Nf6 8.Nc3 g6
9.Bg5 Bg7 10.h3 O-O 11.Qd2 Re8 12.Rad1 Rc8 13.Rfe1 Rc4 14.b3 Rc5 15.e5 dxe5
16.Bxf6 Bxf6 17.Nde2 e4 18.Nxe4 Rc7 19.Nxf6+ exf6 20.c4 Qc8 21.Nc3 Bc6 22.Rxe8+ Qxe8
23.Qd8 Re7 24.Qxe8+ Rxe8 25.Kf1 Kf8 26.Rd3 Re5 27.f3 h5 28.Kf2 Ke7 29.Re3 Ke6
30.b4 b5 31.cxb5 axb5 32.Rd3 Ke7 33.a3 g5 34.g3 f5 35.Ne2 g4 36.Nd4 Ba8 37.h4 Bd5
38.Re3 Kf6 39.f4 Rxe3 40.Kxe3 Bc4 41.Nc6 Ke6 42.Kd4 Kd6 43.Ne5 Bb3 44.Nd3 f6
45.Nc1 Bc2 46.Ne2 Bb3 47.Nc3 Kc6 48.Nb1 Ba2 49.Nd2 Bd5 50.Nf1 Bb3 51.Ne3 Be6
52.Kc3 Kd6 53.Kb2 Kc6 54.Kc3 Kd6 55.Kd4 Kc6 56.Nd1 Bb3 57.Nb2 Bc2 58.Kc3 Bb1
59.a4 bxa4 60.Nxa4 Ba2 61.Kd4 Be6 62.Nc3 Kd6 63.b5 Bb3 64.b6 Kc6 65.Nd5 Bxd5
66.b7 Kxb7 67.Kxd5 Kb6 68.Ke6 Kc5 69.Kxf6 Kd4 70.Kxf5 Ke3 71.Kg5 Kf3  1-0

[Event "CZE-chT 9596"]
[Site "?"]
[Date "1996.??.??"]
[Round "5"]
[White "Fuksik, Jakub"]
[Black "Belaska, Premysl"]
[Result "0-1"]
[WhiteElo "2235"]
[BlackElo "2230"]

1.e4 c5 2.Nf3 d6 3.Bb5+ Bd7 4.Bxd7+ Qxd7 5.c4 Nc6 6.Nc3 g6 7.d4 cxd4 8.Nxd4 Bg7
9.Nde2 Nf6 10.f3 O-O 11.Be3 Rfd8 12.O-O e6 13.Nf4 Ne7 14.Rf2 Qc6 15.Rc1 Rd7
16.b3 Rad8 17.Rd2 b6 18.Rd3 Qb7 19.Nb5 Ne8 20.a4 d5 21.exd5 exd5 22.c5 bxc5
23.Rxc5 Nf5 24.Bf2 d4 25.Rc4 Ned6 26.Nxd6 Nxd6 27.Rc2 Nf5 28.Re2 Bh6 29.Re4 Qc7
30.Ne2 Ne3 31.Bxe3 Bxe3+ 32.Kh1 f5 33.Rh4 Qe5 34.g3 Rc7 35.Kg2 g5 36.Rh3 g4
37.Rh4 gxf3+ 38.Kxf3 Qd5+  0-1

[Event "CZE-chT 9596"]
[Site "?"]
[Date "1996.??.??"]
[Round "6"]
[White "Ramik, Zdenek"]
[Black "Pribyl, Josef"]
[Result "0-1"]
[WhiteElo "2320"]
[BlackElo "2405"]

1.e4 c5 2.Nf3 d6 3.Bb5+ Bd7 4.Bxd7+ Qxd7 5.c4 Nc6 6.O-O g6 7.Nc3 Bg7 8.d3 Nf6
9.h3 O-O 10.Be3 Rfc8 11.Rc1 Ne8 12.Qd2 Nd4 13.Bxd4 cxd4 14.Nb5 e5 15.Ne1 a6
16.Na3 Nc7 17.Nac2 a5 18.Kh2 f5 19.Nf3 fxe4 20.dxe4 Ne6 21.Na3 Rf8 22.Ng1 h5
23.Rce1 Kh7 24.Qd1 Bh6 25.g3 Rf6 26.Kg2 Raf8 27.h4 Nc5 28.f3 g5 29.hxg5 Bxg5
30.Nh3 Bh6 31.f4 exf4 32.Qxd4 Rg6 33.Rf3 Rfg8 34.Kh2 Rxg3 35.Rxg3 Rxg3 36.Nf2 Qe7  0-1

[Event "CZE-chT 9596"]
[Site "?"]
[Date "1996.??.??"]
[Round "6"]
[White "Houser, Pavel"]
[Black "Firt, Stanislav"]
[Result "0-1"]
[WhiteElo "2340"]
[BlackElo "2375"]

1.e4 c5 2.Nf3 d6 3.Bb5+ Nd7 4.d4 Nf6 5.Nc3 cxd4 6.Qxd4 e5 7.Qd1 h6 8.O-O Be7
9.Re1 O-O 10.Bc4 a6 11.a4 b6 12.Nh4 Nc5 13.b4 Be6 14.bxc5 Bxc4 15.cxb6 Qxb6
16.Nf5 Rfe8 17.Qf3 Be6 18.Nxe7+ Rxe7 19.Bxh6 Rc7 20.Bg5 Ne8 21.a5 Qb4 22.Bd2 Rac8
23.Re3 Qb2 24.Rc1 Rc4 25.Nd1 Qb7 26.c3 Nf6 27.Rd3 d5 28.Qg3 Rxe4 29.f3 Re2
30.Kf1 Qb5 31.Kxe2 e4 32.fxe4 dxe4 33.Kf1 exd3 34.Qg5 Rc5 35.Qe3 Ng4 36.Qd4 Rf5+
37.Kg1 Qb8 38.g3 Nxh2 39.Kxh2 Rh5+ 40.Kg2 Bd5+ 41.Kf2 Rh2+ 42.Kf1 Bg2+  0-1

[Event "CZE-chT2b 9596"]
[Site "CZE"]
[Date "1996.??.??"]
[Round "?"]
[White "Roj, Miroslav"]
[Black "Belaska, Premysl"]
[Result "0-1"]
[WhiteElo "2220"]
[BlackElo "2230"]

1.e4 c5 2.Nf3 d6 3.Bb5+ Bd7 4.Bxd7+ Qxd7 5.O-O Nc6 6.b3 Nf6 7.Re1 g6 8.Bb2 e5
9.c3 Bg7 10.Na3 O-O 11.h3 Rfe8 12.c4 Nh5 13.Nc2 Nf4 14.d3 Rf8 15.a3 f5 16.Bc1 fxe4
17.dxe4 Nd4 18.Ncxd4 cxd4 19.Bxf4 Rxf4 20.Nh2 Raf8 21.Ra2 b5 22.cxb5 Qxb5
23.f3 R4f7 24.Ng4 Rc7 25.Qb1 Rfc8 26.Rd1 Rc3 27.Rb2 Qc6 28.Nf2 Rc1 29.Qd3 Bh6
30.Kf1 Rxd1+ 31.Nxd1 Qc1 32.Rb1 Qxa3 33.Ke2 Bc1 34.b4 Qa2+ 35.Kf1 Kg7 36.b5 Rc2
37.Qb3 Qxb3 38.Rxb3 Kf6 39.b6 axb6 40.Rxb6 Ke6 41.Rb7 Bf4 42.Rb3 Kf6 43.Rb6 Kg5
44.Rxd6 Rd2 45.Ke1 Rxg2 46.Rd7 h5 47.Kf1 Rd2 48.Nf2 Be3 49.Nh1 Kh4 50.Rg7 Rh2  0-1

[Event "CZE-chT1 9596"]
[Site "CZE"]
[Date "1996.??.??"]
[Round "?"]
[White "Roj, Miroslav"]
[Black "Vozka, Pavel"]
[Result "1/2-1/2"]
[WhiteElo "2220"]
[BlackElo "2205"]

1.e4 c5 2.Nf3 d6 3.Bb5+ Bd7 4.Bxd7+ Qxd7 5.O-O Nf6 6.e5 dxe5 7.Nxe5 Qc8 8.Qf3 e6
9.Nc3 Nbd7 10.Nc4 Be7 11.d3 Nb6 12.Na5 Nbd5 13.Nxd5 Nxd5 14.c4 Nb4 15.Bd2 Nc2
16.Rab1 b6 17.Nb3 O-O 18.Bc3 Rd8 19.Qg4 g6 20.Qe4 Qd7 21.Rfd1 Nd4 22.Bxd4 cxd4
23.Re1 Rac8 24.Qf3 Bf8 25.Nd2 Bg7 26.h4 Qe7 27.g3 e5 28.Qg2 f5 29.f3 Qf6
30.Re2 Bf8 31.Rbe1 Bd6 32.Qh3 Rc7 33.Rg2 Bb4 34.a3 Bxd2 35.Rxd2 Re7 36.Rde2 Rde8
37.Qh1 Qd6 38.Qg2 a5 39.g4 Kh8 40.Qh2 Qf6 41.g5 Qd6 42.Qg3 Re6 43.Qf2 a4
44.Kg2 Kg8 45.Qg3 Qc5 46.Qh2 b5 47.cxb5 Qxb5 48.Rd2 Qd5 49.Qg3 Rc8 50.Qf2 Rc5
51.Rc2 Rec6 52.Rec1 Qd6 53.Rxc5 Rxc5 54.Rxc5 Qxc5 55.Qd2 Kf7 56.Qd1  1/2-1/2

[Event "CZE-chT2c 9596"]
[Site "CZE"]
[Date "1996.??.??"]
[Round "1"]
[White "Sosna, Jan"]
[Black "Sobek, Jaroslav"]
[Result "1-0"]
[WhiteElo "2310"]
[BlackElo "2290"]

1.e4 c5 2.Nf3 d6 3.Bb5+ Bd7 4.Bxd7+ Nxd7 5.O-O Ngf6 6.Nc3 g6 7.d3 Bg7 8.Bg5 O-O
9.Qd2 Qc7 10.Rfe1 e5 11.a4 Qc6 12.h3 d5 13.Bxf6 Nxf6 14.Nxe5 Qd6 15.exd5 Nxd5
16.Nc4 Bxc3 17.bxc3 Qf6 18.Re5 Rad8 19.Rae1 b6 20.R1e4 Rd7 21.h4 h5 22.Ne3 Rfd8
23.Nf1 Qc6 24.Ng3 Nf6 25.Qh6 Rd5 26.Re6 R8d6 27.Rxd6 Qxd6 28.Re1 Re5 29.Rxe5 Qxe5
30.Qd2 Nd5 31.d4 cxd4 32.cxd4 Qf6 33.c4 Nf4 34.d5 Qxh4 35.d6 Ne6 36.Qd5 Qd4
37.Qc6 Nc5 38.Qe8+ Kg7 39.Qe7 h4 40.Nf1 Qd1 41.a5 Qd4 42.Qxa7  1-0

[Event "CZE-chT2c 9596"]
[Site "CZE"]
[Date "1996.??.??"]
[Round "9"]
[White "Oral, Tomas"]
[Black "Jakubiec, Artur"]
[Result "1-0"]
[WhiteElo "2405"]
[BlackElo "2410"]

1.e4 c5 2.Nf3 d6 3.Bb5+ Nc6 4.Bxc6+ bxc6 5.O-O e5 6.c3 Nf6 7.d4 Nxe4 8.Re1 f5
9.dxe5 d5 10.Qa4 Qb6 11.c4 Qa6 12.Qxa6 Bxa6 13.Nh4 g6 14.f3 Be7 15.fxe4 fxe4
16.cxd5 Bxh4 17.g3 Bd8 18.d6 Bd3 19.Nc3 Ba5 20.e6 Rd8 21.Nxe4 O-O 22.e7 Bxe1
23.exd8=Q Rxd8 24.Bg5 Ba5 25.Bxd8 Bxd8 26.Nxc5  1-0

[Event "CZE-chT2c 9596"]
[Site "CZE"]
[Date "1996.??.??"]
[Round "10"]
[White "Talla, Vladimir"]
[Black "Veselovsky, Sergey"]
[Result "1/2-1/2"]
[WhiteElo "2240"]
[BlackElo "2450"]

1.e4 c5 2.Nf3 d6 3.Bb5+ Bd7 4.Bxd7+ Qxd7 5.c4 Nc6 6.Nc3 g6 7.d4 cxd4 8.Nxd4 Nf6
9.f3 Nxd4 10.Qxd4 Bg7 11.Be3 O-O 12.Qd3 a6 13.O-O Qc6 14.Rac1 Rfe8 15.b3 Rac8
16.Rfd1 Nd7 17.Qd2 Bf8 18.Nd5 e6 19.a4 b6 20.Nc3 Qb7 21.Qa2  1/2-1/2

[Event "Decin op"]
[Site "Decin"]
[Date "1996.??.??"]
[Round "6"]
[White "Chernyshov, Konstantin"]
[Black "Navrotescu, Catalin"]
[Result "1-0"]
[WhiteElo "2470"]
[BlackElo "2375"]

1.e4 c5 2.Nf3 d6 3.Bb5+ Bd7 4.a4 Nc6 5.O-O Nf6 6.Re1 e5 7.c3 a6 8.Bxc6 Bxc6
9.d4 Be7 10.Nbd2 cxd4 11.cxd4 O-O 12.b3 exd4 13.Nxd4 Rc8 14.Bb2 Nd7 15.Nc4 g6
16.Qf3 Bf6 17.Rad1 Qe7 18.Qg3 Be5 19.Nf5  1-0

[Event "DEN-ch qual"]
[Site "?"]
[Date "1996.??.??"]
[Round "4"]
[White "Pedersen, Jan"]
[Black "Brondum, Eric"]
[Result "1/2-1/2"]
[WhiteElo "2335"]
[BlackElo "2270"]

1.e4 c5 2.Nf3 d6 3.Bb5+ Nc6 4.O-O Bd7 5.Re1 a6 6.Bxc6 Bxc6 7.c3 e6 8.d4 cxd4
9.cxd4 Nf6 10.d5 Bd7 11.dxe6 Bxe6 12.Nd4 Be7 13.Nc3 O-O 14.Nxe6 fxe6 15.Qb3 Qd7
16.Bf4 Ng4 17.Bg3 Bf6 18.h3 Ne5 19.Na4 Rad8 20.Rad1 Qe7 21.Nb6 Kh8 22.Re2 Nc6
23.Red2 Be5 24.Nc4 Bxg3 25.Qxg3 d5 26.exd5 Rxd5 27.Rxd5 exd5 28.Rxd5 Qe1+
29.Kh2 Qxf2 30.Rd7 Qxg3+ 31.Kxg3 b5 32.Rd6 Rc8 33.Nb6 Rc7 34.Nd5 Rc8 35.Nb6 Rc7
36.Nd5 Rc8 37.h4 h6 38.h5 a5 39.Nb6 Rc7 40.Nd5 Rc8 41.Nb6 Rc7 42.Rd5 Na7
43.Rd8+ Kh7 44.Nd5 Rf7 45.Nf4 Nc6 46.Ra8 Rf5 47.Kf3 Rg5 48.Re8 Ne5+ 49.Ke4 Nd7
50.Kd4 Nf6 51.Re5 Rg4 52.g3 Rxg3 53.Rxb5 Rf3 54.Nd3 a4 55.Ra5 Rh3 56.Nf4 Rf3
57.Ke5 Rf2 58.Rxa4 Rxb2 59.Ra5 Rh2 60.Kd4 Rf2 61.Ke5 Rh2  1/2-1/2

[Event "DEN-chT 9697"]
[Site "?"]
[Date "1996.??.??"]
[Round "1"]
[White "Greger, Roland"]
[Black "Christensen, Tobias"]
[Result "0-1"]
[WhiteElo "2255"]
[BlackElo "2400"]

1.e4 c5 2.Nf3 d6 3.Bb5+ Nd7 4.c3 Nf6 5.Qe2 a6 6.Ba4 e6 7.O-O Be7 8.d4 b5
9.Bc2 Bb7 10.Bg5 Rc8 11.Nbd2 cxd4 12.Nxd4 h6 13.Bh4 Qb6 14.a3 g5 15.Bg3 h5
16.h4 gxh4 17.Bxh4 Rg8 18.a4 Rg4 19.g3 b4 20.Nc4 Qc5 21.Ne3 Rxe4 22.Bxe4 Nxe4
23.Bxe7 Kxe7 24.Rfc1 bxc3 25.bxc3 Nxc3 26.Rxc3 Qxc3 27.Rd1 Ne5 28.Qxh5 Kd7
29.Kf1 Be4 30.Ne2 Bd3 31.Kg1 Bxe2 32.Qxe2 Qc6 33.f4 Rh8 34.Ng2 Qb6+ 35.Qe3 Nc4
36.Qxb6 Nxb6 37.Rb1 Nxa4 38.Rb7+ Kc6 39.Rxf7 Nc5 40.g4 a5 41.Ne3 a4 42.Nc4 Kb5
43.Nxd6+ Kb4 44.g5 a3 45.Ra7 Rd8 46.Nf7 Rd7 47.Rxa3 Kxa3 48.g6 Ne4 49.Kg2 Rd3
50.Kh2 Nf6 51.Ng5 Re3 52.g7 Kb4 53.Kg2 Kc5 54.Kf2 Ra3 55.Nxe6+ Kd5 56.Nf8 Ra7
57.Nh7 Ne4+  0-1

[Event "DEN-chT 9697"]
[Site "?"]
[Date "1996.??.??"]
[Round "2"]
[White "Nielsen, Uffe V"]
[Black "Bekker Jensen, Simon"]
[Result "1-0"]
[WhiteElo "2390"]
[BlackElo "2200"]

1.e4 c5 2.Nf3 d6 3.Bb5+ Bd7 4.Bxd7+ Qxd7 5.O-O Nc6 6.b3 Nf6 7.Qe2 e6 8.Bb2 Be7
9.c4 O-O 10.d4 cxd4 11.Nxd4 Nxd4 12.Bxd4 Qc6 13.Nc3 e5 14.Nd5 Nxd5 15.cxd5 Qd7
16.Be3 Bd8 17.Rfc1 Bb6 18.Rc4 Rfc8 19.Rac1 h6 20.h3 Qd8 21.Bd2 Rxc4 22.Qxc4 Qh4
23.Qe2 Rf8 24.Bb4 Qf4 25.Rc2 Rd8 26.Rc4 f5 27.Bd2 Qh4 28.exf5 Qf6 29.g4 Re8
30.Be3 Bxe3 31.Qxe3 e4 32.Rxe4 Qa1+ 33.Kg2 Rxe4 34.Qxe4 Qxa2 35.Qe8+ Kh7
36.Qg6+ Kh8 37.f6 gxf6 38.Qxh6+ Kg8 39.Qg6+ Kh8 40.Qxf6+ Kg8 41.Qd8+ Kg7
42.Qc7+ Kg8 43.Qc8+ Kg7 44.Qxb7+ Kh8 45.Qc8+ Kg7 46.Qd7+ Kh8 47.Qe8+ Kg7
48.Qe7+ Kh8 49.Qf8+ Kh7 50.Qf7+ Kh8 51.g5 Qe2 52.Qf6+  1-0

[Event "DEN-chT 9697"]
[Site "?"]
[Date "1996.??.??"]
[Round "3"]
[White "Nielsen, Uffe V"]
[Black "Kristensen, Bjarke"]
[Result "1/2-1/2"]
[WhiteElo "2390"]
[BlackElo "2420"]

1.e4 c5 2.Nf3 d6 3.Bb5+ Nd7 4.c3 Nf6 5.Qe2 a6 6.Ba4 b5 7.Bc2 e5 8.d4 Be7
9.O-O Qc7 10.a4 Rb8 11.axb5 axb5 12.Rd1 O-O 13.dxe5 dxe5 14.b3 Rb6 15.Nbd2 Nh5
16.Nf1 Nf4 17.Bxf4 exf4 18.e5 Rh6 19.Qe4 f6 20.Qd5+ Kh8 21.e6 Ne5 22.Be4 Nxf3+
23.Bxf3 f5 24.Re1 g5 25.h3 Kg7 26.Ra2 Rhf6 27.Rae2 Rd8 28.Qc6 Qxc6 29.Bxc6 Rd6
30.Bd7 Bxd7 31.exd7 Bf8 32.Rd2 Rxd2 33.Nxd2 Rd6 34.Nf3 h6 35.Ne5 Be7 36.Nc6 Bf6
37.d8=Q Bxd8 38.Nxd8 Rxd8 39.Re5 Rd1+ 40.Kh2 Rb1  1/2-1/2

[Event "DEN-chT9596"]
[Site "DEN"]
[Date "1996.??.??"]
[Round "4"]
[White "Rasmussen, Karsten"]
[Black "Nielsen, Peter Heine"]
[Result "1/2-1/2"]
[WhiteElo "2430"]
[BlackElo "2500"]

1.e4 c5 2.Nf3 d6 3.Bb5+ Nc6 4.d4 cxd4 5.Qxd4 Bd7 6.Bxc6 Bxc6 7.c4 Nf6 8.Nc3 g6
9.O-O Bg7 10.Qd3 O-O 11.Bd2 Nd7 12.Rfe1 Nc5 13.Qc2 a5 14.Re3 e5 15.Nd5 f5
16.exf5 gxf5 17.Ra3 f4 18.b4 Ne6 19.Re1 b6 20.bxa5 bxa5 21.Rxa5 Rxa5 22.Bxa5 Qxa5
23.Ne7+ Kh8 24.Nxc6 Qc7 25.Nb4 Rc8 26.Rc1 h6 27.Qf5 Nf8 28.Nd5 Qb7 29.h3 Ra8
30.Rb1 Qd7 31.Qc2 Qa7 32.Qf5 Qd7 33.Qc2 Qa7 34.Qf5 Qd7  1/2-1/2

[Event "Nord Cup 2nd"]
[Site "Duesseldorf"]
[Date "1996.??.??"]
[Round "5"]
[White "Stillger, Bernhard"]
[Black "Sponheim, Marko"]
[Result "1-0"]
[WhiteElo "2310"]
[BlackElo "2035"]

1.e4 c5 2.Nf3 d6 3.Bb5+ Nd7 4.d4 cxd4 5.Qxd4 Nf6 6.Bg5 a6 7.Bxd7+ Bxd7 8.Nc3 Bc6
9.O-O-O Qa5 10.Kb1 Nd7 11.Nd5 f6 12.Be3 e6 13.Nb4 Be7 14.Nxc6 bxc6 15.Qc4 c5
16.Qxe6 Rb8 17.Nd2 Kd8 18.Nc4 Qb5 19.Bf4 Ne5 20.Bxe5 fxe5 21.Rd3  1-0